| 000 | 00992nam0a2200301 4500 | ||
|---|---|---|---|
| 001 | RU\NLR\ONL2\14539 | ||
| 005 | 20250613131259.0 | ||
| 010 |
_a978-5-7696-3078-1 _97000 |
||
| 035 | _a(NLR Aleph) 009662124 | ||
| 090 |
_a9618769 _c9618769 |
||
| 100 | _a20090819d2009 |||y0rusy50 ca | ||
| 101 | 0 | _asah | |
| 102 | _aRU | ||
| 105 | _aa ||||||||| | ||
| 200 | 1 |
_aХаайыылаах дьылгата _eсэhэн, кэпсээннэр _fСтепан Марков |
|
| 210 |
_aДьокуускай _cБичик _d2009 |
||
| 215 |
_a154,[2] с. _cил. _d17 |
||
| 225 | 1 | _aБилинни кэм прозата | |
| 541 | 1 |
_aСудьба заключённого _eповесть, рассказы. _zrus |
|
| 686 | 1 | _aШ6(2=Я)7-4 | |
| 700 | 1 |
_aМарков _bС. С. _gСтепан Степанович _4070 |
|
| 801 | 0 |
_aRU _bNLR _c20090819 _gPSBO |
|
| 852 |
_aNLR _bОНЛ _jЯкут./2-3330 |
||
| 942 | _cBOOK | ||
| 980 | _aNB | ||
| 980 | _aONL_RF | ||